| 000 | 01338cam a22002054a 4500 | ||
|---|---|---|---|
| 005 | 20250605164206.0 | ||
| 008 | 250528s ||||||||||||||||||||||||d | ||
| 035 | _a19945 | ||
| 020 | _a960418055 | ||
| 040 |
_aGR-AtMCL _bgre _dGR-AtMCL _eAACR2 |
||
| 245 | 1 | _aΔιαμόρφωση και Μετάδοση Συστημάτων / Δεύτερη Έκδοση | |
| 250 | _a2η | ||
| 260 |
_bΤζιόλα, _c2005 |
||
| 300 | _a530 | ||
| 520 | _aΕισαγωγή, Διαμόρφωση Σημάτων, Σήματα και Συστήματα στο Πεδίο της Συχνότητας, Φασματική Περιγραφή Τυχαίων Σημάτων - Θόρυβος, Διαμόρφωση Πλάτους, Διαμόρφωση Γωνίας, Δειγματοληψία και Παλμοκωδική Διαμόρφωση, Διαμόρφωση από Ψηφιακά Σήματα, Συστήματα Επικοινωνιών, Μετάδοση Σημάτων, Γραμμές Μεταφοράς, Κυματοδηγοί, Κεραίες, Αλληλεπίδραση Κεραιών - Στοιχεοκεραίες, Βιβλιογραφία, Συντμήσεις, Ελληνοαγγλικό Λεξιλόγιο, Ευρετήριο. | ||
| 700 | 1 |
_aΚώττης Παναγιώτης Γ _96101 |
|
| 942 | _cBK | ||
| 999 |
_c5183 _d5183 |
||